书目信息 |
| 题名: |
兵家大智慧
|
|
| 作者: | 张易 , 李永红 编著 | |
| 分册: | ||
| 出版信息: | 北京 中国华侨出版社 2006.01 |
|
| 页数: | 300页 | |
| 开本: | 23cm | |
| 丛书名: | ||
| 单 册: | ||
| 中图分类: | E892.2 | |
| 科图分类: | ||
| 主题词: | 兵法--bing fa--中国--古代--通俗读物 | |
| 电子资源: | ||
| ISBN: | 7-80222-041-6 | |
| 000 | 00812nam0 2200241 450 | |
| 001 | 012008353993 | |
| 005 | 20080504111242.07 | |
| 010 | @a7-80222-041-6@dCNY32.00 | |
| 100 | @a20080429d2006 em y0chiy0120 ea | |
| 101 | 0 | @achi |
| 102 | @aCN@b110000 | |
| 105 | @aa z 000yy | |
| 106 | @ar | |
| 200 | 1 | @a兵家大智慧@Abing jia da zhi hui@f张易, 李永红编著@Fzhang yi,li yong hong bian zhu |
| 210 | @a北京@c中国华侨出版社@d2006.01 | |
| 215 | @a300页@c图@d23cm | |
| 330 | @a本书选取了《孙子兵法》、《吴子兵法》、《孙膑兵法》、《尉缭子》等著作的部分内容、警句、名言、附以解析、注释及故事。 | |
| 606 | 0 | @a兵法@Abing fa@y中国@z古代@j通俗读物 |
| 690 | @aE892.2@v4 | |
| 701 | 0 | @a张易@Azhang yi@4编著 |
| 701 | 0 | @a李永红@Ali yong hong@4编著 |
| 801 | 0 | @aCN@bQSSK@c20080504 |
| 905 | @b299389-91@dE892.2@eZ233@f3 | |
| 兵家大智慧/张易, 李永红编著.-北京:中国华侨出版社,2006.01 |
| 300页:图;23cm |
| ISBN 7-80222-041-6:CNY32.00 |
| 本书选取了《孙子兵法》、《吴子兵法》、《孙膑兵法》、《尉缭子》等著作的部分内容、警句、名言、附以解析、注释及故事。 |
| ● |
| 相关链接 |
|
|
|
正题名:兵家大智慧
索取号:E892.2/Z233
 
预约/预借
| 序号 | 登录号 | 条形码 | 馆藏地/架位号 | 状态 | 备注 |
| 1 | 299389 | 202993895 | 社科库509/509社科库 123排2列4层/ [索取号:E892.2/Z233] | 在馆 | |
| 2 | 299390 | 202993902 | 社科库509/ [索取号:E892.2/Z233] | 在馆 | |
| 3 | 299391 | 202993911 | 社科库509/ [索取号:E892.2/Z233] | 在馆 |